[Event "4. Continental de Ajedrez de Cali"]
[Site "Santiago de Cali COL"]
[Date "2007.07.18"]
[Round "9.44"]
[White "Mateus, Alejandro"]
[Black "Salazar, Jeyksson"]
[Result "1-0"]
[WhiteElo "2194"]
[BlackElo "2286"]
[PlyCount "111"]
[EventDate "2007.07.11"]
[EventType "swiss"]
[EventRounds "1"]
[EventCountry "COL"]
[Source "lmi"]
[SourceDate "2007.07.11"]

1. e4 c5 2. Nf3 Nc6 3. d4 cxd4 4. Nxd4 Nf6 5. Nc3 e5 6. Ndb5 d6 7. Bg5 a6 8.
Na3 b5 9. Nd5 Qa5+ 10. Bd2 Qd8 11. Bg5 Qa5+ 12. Bd2 Qd8 13. Nxf6+ Qxf6 14. c4
Qg6 15. f3 Be7 16. Be3 b4 17. Nc2 O-O 18. Qd2 Rb8 19. b3 Kh8 20. Bd3 a5 21. O-O
f5 22. exf5 Bxf5 23. Rad1 Bxd3 24. Qxd3 Qxd3 25. Rxd3 Ra8 26. Bd2 h6 27. Ne3
Nd4 28. Nd5 Bg5 29. Bxg5 hxg5 30. Re1 Rfb8 31. Re4 Ne6 32. Rg4 a4 33. h4 axb3
34. axb3 Nc5 35. Rd1 Nxb3 36. hxg5 Ra1 37. Rxa1 Nxa1 38. g6 Rb7 39. c5 dxc5 40.
Re4 Kg8 41. Rxe5 Kf8 42. Nf4 c4 43. Re4 c3 44. Ne6+ Ke7 45. Nc5+ Kf6 46. Re6+
Kf5 47. g4+ Kg5 48. Rc6 c2 49. Kf2 c1=Q 50. Ne4+ Kh6 51. Rxc1 Nb3 52. Rc6 Nd4
53. Ra6 b3 54. Nd6 b2 55. Nf7+ Rxf7 56. gxf7+ 1-0

[Event "4. Continental de Ajedrez de Cali"]
[Site "Santiago de Cali COL"]
[Date "2007.07.18"]
[Round "9.45"]
[White "Sanchez, Victor"]
[Black "Barros, Raul"]
[Result "1/2-1/2"]
[WhiteElo "2232"]
[BlackElo "2056"]
[PlyCount "108"]
[EventDate "2007.07.11"]
[EventType "swiss"]
[EventRounds "1"]
[EventCountry "COL"]
[Source "lmi"]
[SourceDate "2007.07.11"]

1. e4 c5 2. Nf3 e6 3. d4 cxd4 4. Nxd4 Nf6 5. Bd3 d6 6. Nc3 a6 7. f4 Qc7 8. Qe2
Be7 9. Be3 b5 10. g4 Nbd7 11. Bf2 Nb6 12. h4 Nfd7 13. h5 Nc5 14. Nf3 b4 15. Nd1
d5 16. e5 Nxd3+ 17. cxd3 a5 18. Bd4 Ba6 19. Qe3 Nd7 20. Rc1 Qb7 21. Nf2 Rc8 22.
O-O Rxc1 23. Rxc1 O-O 24. f5 Rc8 25. Re1 Bf8 26. Ng5 Re8 27. Qf3 Nb8 28. b3 Nc6
29. Bb2 Qd7 30. d4 Rc8 31. Nd3 Nd8 32. fxe6 Nxe6 33. Nxe6 fxe6 34. Rf1 Qe8 35.
Rf2 Be7 36. Qd1 Bxd3 37. Qxd3 Bg5 38. Kg2 h6 39. Qa6 Bh4 40. Re2 Ra8 41. Qd3
Rc8 42. Rc2 Rxc2+ 43. Qxc2 Bg5 44. Bc1 Qe7 45. Qc8+ Kh7 46. Qc5 Qd8 47. Kg3
Bxc1 48. Qc2+ Kg8 49. Qxc1 Qg5 50. Qe1 Kh7 51. Kf3 Qe7 52. Qb1+ Kh8 53. Qc1 Qh4
54. Qc8+ Kh7 1/2-1/2

[Event "4. Continental de Ajedrez de Cali"]
[Site "Santiago de Cali COL"]
[Date "2007.07.18"]
[Round "9.46"]
[White "Montenegro, Rolando"]
[Black "Paez, David"]
[Result "1/2-1/2"]
[WhiteElo "2227"]
[BlackElo "2048"]
[PlyCount "90"]
[EventDate "2007.07.11"]
[EventType "swiss"]
[EventRounds "1"]
[EventCountry "COL"]
[Source "lmi"]
[SourceDate "2007.07.11"]

1. e4 e6 2. d3 d5 3. Nd2 Nf6 4. Ngf3 dxe4 5. dxe4 Nc6 6. g3 Bc5 7. Bg2 e5 8.
O-O O-O 9. c3 a5 10. Qc2 b6 11. Nc4 Qe7 12. Ne3 Bxe3 13. Bxe3 Ba6 14. Rfd1 Rfd8
15. Nh4 Rxd1+ 16. Rxd1 Rd8 17. Nf5 Rxd1+ 18. Qxd1 Qd7 19. Qxd7 Nxd7 20. f4 f6
21. Bf2 Kf7 22. Ne3 Ne7 23. Nd5 Nxd5 24. exd5 Ke7 25. b3 Kd6 26. c4 a4 27. Be1
exf4 28. gxf4 axb3 29. axb3 f5 30. Bc3 g6 31. Kf2 Nc5 32. b4 Ne4+ 33. Bxe4 fxe4
34. Be5+ Kd7 35. b5 Bc8 36. Ke3 Kd8 37. Kxe4 Bf5+ 38. Kd4 Kd7 39. c5 bxc5+ 40.
Kxc5 Bd3 41. h4 h5 42. Bg7 Be2 43. Bf8 Bd3 44. Bg7 Be2 45. Be5 Bd3 1/2-1/2

[Event "4. Continental de Ajedrez de Cali"]
[Site "Santiago de Cali COL"]
[Date "2007.07.18"]
[Round "9.47"]
[White "Narvaez, Faber Alberto"]
[Black "Juarez Flores, Gustavo E"]
[Result "0-1"]
[WhiteElo "2140"]
[BlackElo "2204"]
[PlyCount "124"]
[EventDate "2007.07.11"]
[EventType "swiss"]
[EventRounds "1"]
[EventCountry "COL"]
[Source "lmi"]
[SourceDate "2007.07.11"]

1. e4 c5 2. Nf3 d6 3. d4 cxd4 4. Nxd4 Nf6 5. Nc3 Bd7 6. Be2 e6 7. g4 Bc6 8.
Nxc6 Nxc6 9. g5 Nd7 10. Be3 a6 11. f4 Be7 12. h4 Qa5 13. Qd2 O-O-O 14. O-O-O
Kb8 15. Kb1 Rc8 16. Rh3 Rhd8 17. Ka1 Nb4 18. a3 Ka8 19. Kb1 Nc6 20. Bh5 g6 21.
Be2 Bf8 22. Na2 Qxd2 23. Rxd2 Nc5 24. Bf3 Bg7 25. e5 Bf8 26. exd6 Rxd6 27. Rxd6
Bxd6 28. h5 Rc7 29. hxg6 fxg6 30. Nc3 Rf7 31. Rh4 Ne7 32. Rh1 Kb8 33. b4 Nd7
34. Rd1 Nf5 35. Bc1 Bc7 36. Bg4 Nb6 37. Rd3 Rd7 38. Rxd7 Nxd7 39. Ne4 Kc8 40.
c4 b6 41. Kc2 Kd8 42. c5 Ke7 43. a4 a5 44. c6 Nd4+ 45. Kd3 Nxc6 46. bxa5 Nxa5
47. Ba3+ Kf7 48. Bc1 Nb3 49. Be3 Nbc5+ 50. Nxc5 Nxc5+ 51. Bxc5 bxc5 52. Ke4 c4
53. Be2 c3 54. Bd3 Ke7 55. Bc2 Kd7 56. Bb3 Ke7 57. Bc2 Kd6 58. Kd4 Kc6 59. Ke3
Kc5 60. Bb3 Kb4 61. Bxe6 Ka3 62. Ke4 c2 0-1

[Event "4. Continental de Ajedrez de Cali"]
[Site "Santiago de Cali COL"]
[Date "2007.07.18"]
[Round "9.48"]
[White "Becerra, Juan David"]
[Black "Franco, Angela"]
[Result "0-1"]
[WhiteElo "2104"]
[BlackElo "2143"]
[PlyCount "66"]
[EventDate "2007.07.11"]
[EventType "swiss"]
[EventRounds "1"]
[EventCountry "COL"]
[Source "lmi"]
[SourceDate "2007.07.11"]

1. e4 d5 2. exd5 Qxd5 3. Nc3 Qa5 4. d4 Nf6 5. Bc4 c6 6. Nf3 Bf5 7. O-O e6 8.
Re1 Bd6 9. Bd2 Qc7 10. Bg5 Nbd7 11. Qe2 O-O-O 12. Reb1 Bg4 13. h3 Bh5 14. b4 h6
15. Bxf6 gxf6 16. a4 Rhg8 17. b5 Nb6 18. Bd3 Nd5 19. Nxd5 cxd5 20. a5 Bh2+ 21.
Kh1 Rxg2 22. Kxg2 Rg8+ 23. Kh1 Qf4 24. Nxh2 Bxe2 25. Bxe2 Qxf2 26. Bf3 Rg3 27.
b6 Rxh3 28. Bg2 Rg3 29. Bf3 a6 30. c4 Rh3 31. Bg2 Rh5 32. Ra3 Qf4 33. Bh3 Qe4+
0-1

[Event "4. Continental de Ajedrez de Cali"]
[Site "Santiago de Cali COL"]
[Date "2007.07.18"]
[Round "9.49"]
[White "Villa, Olivia Rosalba"]
[Black "Juarez Flores, Roberto Alfonso"]
[Result "1/2-1/2"]
[WhiteElo "1968"]
[BlackElo "2177"]
[PlyCount "121"]
[EventDate "2007.07.11"]
[EventType "swiss"]
[EventRounds "1"]
[EventCountry "COL"]
[Source "lmi"]
[SourceDate "2007.07.11"]

1. d4 Nf6 2. Nf3 c5 3. Bg5 Ne4 4. Bf4 Qb6 5. Nc3 Nxc3 6. bxc3 d6 7. e3 g6 8.
Bc4 Bg7 9. O-O O-O 10. Re1 Qc7 11. Bd3 e5 12. Bg3 Nc6 13. h3 f5 14. Bc4+ Kh8
15. dxe5 dxe5 16. Qd5 Ne7 17. Qd2 Nc6 18. Rad1 Na5 19. Bd5 h6 20. c4 Re8 21.
Nh2 Re7 22. f3 Bd7 23. e4 f4 24. Bf2 Rd8 25. Ng4 b6 26. Bh4 g5 27. Bf2 Bc8 28.
Qc3 h5 29. Nh2 Bf6 30. Rd2 Kg7 31. Red1 Kh6 32. Rd3 Ba6 33. Rb1 Red7 34. Nf1
Nc6 35. a3 Nd4 36. Bxd4 cxd4 37. Qb4 Rg7 38. c3 Rc8 39. cxd4 exd4 40. Nd2 Be5
41. Qa4 Bb7 42. Nb3 Bc6 43. Bxc6 Qxc6 44. Qxc6+ Rxc6 45. Nxd4 Bxd4+ 46. Rxd4
Rgc7 47. Rbd1 h4 48. Rd7 Rxc4 49. R1d6+ Kh5 50. Rd8 Rc1+ 51. Kh2 Rh7 52. e5 Re1
53. Re8 Re3 54. a4 Re1 55. Rf6 Rh6 56. Rf7 a6 57. Rb7 a5 58. Reb8 Rb1 59. Rg8
Re1 60. Rgb8 Rd1 61. Rg8 1/2-1/2

[Event "4. Continental de Ajedrez de Cali"]
[Site "Santiago de Cali COL"]
[Date "2007.07.18"]
[Round "9.50"]
[White "Souza Neves, Andrey M"]
[Black "Jukemura, Rodrigo"]
[Result "1-0"]
[WhiteElo "2156"]
[BlackElo "2017"]
[PlyCount "67"]
[EventDate "2007.07.11"]
[EventType "swiss"]
[EventRounds "1"]
[EventCountry "COL"]
[Source "lmi"]
[SourceDate "2007.07.11"]

1. d4 d5 2. e3 Nf6 3. Bd3 g6 4. f4 Bg7 5. Nd2 c5 6. c3 cxd4 7. exd4 Bg4 8. Ngf3
Qd6 9. h3 Qe6+ 10. Kf2 Bxf3 11. Qxf3 O-O 12. Re1 Qd6 13. Nf1 Nc6 14. Kg1 a6 15.
g4 Nd7 16. Be3 f5 17. gxf5 gxf5 18. Ng3 e6 19. Nh5 Bh8 20. Kh1 Kf7 21. Bf2 b5
22. Bh4 Rg8 23. Re5 Rg6 24. Rae1 Ncxe5 25. fxe5 Qf8 26. Bxf5 Kg8 27. Bxe6+ Rxe6
28. Qxd5 Qe8 29. Rg1+ Kf8 30. Nf4 Rg6 31. Rxg6 hxg6 32. Ne6+ Kg8 33. Nc7+ Qf7
34. Qxf7+ 1-0

[Event "4. Continental de Ajedrez de Cali"]
[Site "Santiago de Cali COL"]
[Date "2007.07.18"]
[Round "9.51"]
[White "Sanchez M, Luis Enrique"]
[Black "Navia, Edwin Adrian"]
[Result "0-1"]
[WhiteElo "2143"]
[BlackElo "2019"]
[PlyCount "120"]
[EventDate "2007.07.11"]
[EventType "swiss"]
[EventRounds "1"]
[EventCountry "COL"]
[Source "lmi"]
[SourceDate "2007.07.11"]

1. e4 c5 2. Nf3 d6 3. c4 Nc6 4. Nc3 Bg4 5. Be2 e6 6. O-O Bxf3 7. Bxf3 Nd4 8. e5
dxe5 9. Bxb7 Rb8 10. Be4 Nf6 11. Qa4+ Qd7 12. Qxd7+ Kxd7 13. Bb1 Bd6 14. b3
Rhd8 15. Re1 Ke7 16. Ba3 Nd7 17. Kf1 f5 18. Na4 g5 19. Re3 h5 20. d3 g4 21. Bb2
h4 22. Re1 Rh8 23. Bxd4 exd4 24. h3 Kf6 25. Bc2 Ne5 26. hxg4 fxg4 27. Re4 h3
28. Kg1 hxg2 29. Kxg2 Nf3 30. Rxg4 Nh2 31. Rg3 Bxg3 32. fxg3 Ng4 33. Bd1 Ne3+
34. Kg1 Rbg8 35. Bf3 Rxg3+ 36. Kf2 Rg5 37. Rh1 Rxh1 38. Bxh1 Nd1+ 39. Kf1 Nc3
40. Nb2 Nxa2 41. Ke2 Nc1+ 42. Kd2 Nxb3+ 43. Kc2 Nc1 44. Bf3 Na2 45. Nd1 Nc3 46.
Nf2 Rf5 47. Ne4+ Nxe4 48. Bxe4 Ke5 49. Kb3 Rf4 50. Bh7 Rf2 51. Ka4 Rb2 52. Ka5
Rb6 53. Be4 Kf4 54. Bh7 Ke3 55. Ka4 e5 56. Bf5 Rb4+ 57. Ka5 e4 58. Bxe4 Rxc4
59. dxc4 Kxe4 60. Kb5 d3 0-1

[Event "4. Continental de Ajedrez de Cali"]
[Site "Santiago de Cali COL"]
[Date "2007.07.18"]
[Round "9.52"]
[White "Sierra, Julian Andres"]
[Black "Orozco, Lina"]
[Result "1-0"]
[WhiteElo "2070"]
[BlackElo "1969"]
[PlyCount "67"]
[EventDate "2007.07.11"]
[EventType "swiss"]
[EventRounds "1"]
[EventCountry "COL"]
[Source "lmi"]
[SourceDate "2007.07.11"]

1. e4 c5 2. Nf3 e6 3. d4 cxd4 4. Nxd4 a6 5. Bd3 Nc6 6. Nxc6 bxc6 7. O-O Qc7 8.
c4 e5 9. Kh1 h6 10. f4 d6 11. b3 Nf6 12. Qe1 Bb7 13. Qg3 O-O-O 14. Nd2 Kb8 15.
Be2 c5 16. Bf3 Nd7 17. Bb2 exf4 18. Qxf4 f6 19. Bc3 Ne5 20. Be2 a5 21. a3 Bc6
22. b4 a4 23. Rfb1 Bb7 24. Nf1 Re8 25. bxc5 dxc5 26. Ra2 Nc6 27. Qf5 Ka8 28.
Rab2 Rb8 29. Ne3 Bc8 30. Nd5 Qd8 31. Rxb8+ Nxb8 32. Qg6 Nd7 33. e5 h5 34. Qf7
1-0

[Event "4. Continental de Ajedrez de Cali"]
[Site "Santiago de Cali COL"]
[Date "2007.07.18"]
[Round "9.54"]
[White "Guerrero, Hernando"]
[Black "Barros, Raul Junior"]
[Result "0-1"]
[WhiteElo "2041"]
[BlackElo "2117"]
[PlyCount "117"]
[EventDate "2007.07.11"]
[EventType "swiss"]
[EventRounds "1"]
[EventCountry "COL"]
[Source "lmi"]
[SourceDate "2007.07.11"]

1. e4 c5 2. Nf3 e6 3. d4 cxd4 4. Nxd4 Nf6 5. Nc3 d6 6. Be2 a6 7. O-O Be7 8. f4
O-O 9. a4 Qc7 10. Kh1 Nc6 11. Bf3 Rd8 12. Be3 Rb8 13. Nde2 b6 14. Nd4 Bb7 15.
Qe1 Nd7 16. f5 Nxd4 17. Bxd4 exf5 18. exf5 Ne5 19. Bxb7 Rxb7 20. Nd5 Qc6 21.
Nxe7+ Rxe7 22. Qh4 Rde8 23. f6 Ng6 24. Qg3 Re2 25. c3 Rxb2 26. Rae1 Ree2 27.
Rxe2 Rxe2 28. Qg4 Re6 29. fxg7 Qe4 30. Qxe4 Rxe4 31. g3 Ne5 32. Rf6 Nc4 33. Rf1
d5 34. h4 Nd6 35. Rf6 Re6 36. Rxe6 fxe6 37. Bxb6 Kxg7 38. Bd4+ Kg6 39. Kg2 Kf5
40. Kf3 h5 41. a5 Nb5 42. Bh8 e5 43. c4 dxc4 44. Ke3 Nd6 45. Bg7 Nb7 46. g4+
hxg4 47. h5 Nxa5 48. h6 Kg6 49. Bxe5 Kxh6 50. Bf4+ Kh5 51. Kd4 Kh4 52. Bc7 Nb3+
53. Kxc4 g3 54. Kd5 g2 55. Bb6 a5 56. Bg1 Kg3 57. Ke4 Nd4 58. Kxd4 a4 59. Kc3
0-1

[Event "4. Continental de Ajedrez de Cali"]
[Site "Santiago de Cali COL"]
[Date "2007.07.18"]
[Round "9.55"]
[White "Valle, Efrain"]
[Black "Montaño, Henry"]
[Result "1-0"]
[WhiteElo "2215"]
[BlackElo "2108"]
[PlyCount "71"]
[EventDate "2007.07.11"]
[EventType "swiss"]
[EventRounds "1"]
[EventCountry "COL"]
[Source "lmi"]
[SourceDate "2007.07.11"]

1. Nf3 c5 2. g3 g6 3. Bg2 Bg7 4. O-O Nf6 5. c4 O-O 6. Nc3 Nc6 7. Rb1 d5 8. cxd5
Nxd5 9. a3 Bf5 10. d3 Bxc3 11. e4 Bg7 12. exf5 gxf5 13. Qc2 Qd6 14. d4 Nxd4 15.
Nxd4 cxd4 16. Qxf5 Qg6 17. Qxg6 hxg6 18. Bxd5 Rab8 19. Bd2 e6 20. Bc4 f5 21.
Bd3 e5 22. f3 b5 23. Rbc1 Rfe8 24. Rfe1 Kf7 25. Rc7+ Re7 26. Rec1 Rb7 27. Rxe7+
Rxe7 28. Bb4 Rb7 29. Rc6 Rb6 30. Rc7+ Kg8 31. Bc5 Rb8 32. Bxa7 Rd8 33. Bb6 Rd6
34. Bc5 Rd8 35. Be7 Rb8 36. h4 1-0

[Event "4. Continental de Ajedrez de Cali"]
[Site "Santiago de Cali COL"]
[Date "2007.07.18"]
[Round "9.56"]
[White "Rodriguez Montoya, Juan Andres"]
[Black "Rua, Nora"]
[Result "0-1"]
[WhiteElo "2009"]
[BlackElo "1960"]
[PlyCount "64"]
[EventDate "2007.07.11"]
[EventType "swiss"]
[EventRounds "1"]
[EventCountry "COL"]
[Source "lmi"]
[SourceDate "2007.07.11"]

1. e4 e5 2. Nf3 Nc6 3. Bc4 Nf6 4. Nc3 Nxe4 5. Bxf7+ Kxf7 6. Nxe4 d5 7. Nc3 Bc5
8. d3 Rf8 9. O-O h6 10. Be3 d4 11. Ne4 dxe3 12. Nxc5 exf2+ 13. Rxf2 Kg8 14. Qd2
Qd5 15. Ne4 Bg4 16. c3 Bxf3 17. Rxf3 Rxf3 18. gxf3 Rd8 19. f4 Qxe4 20. dxe4
Rxd2 21. fxe5 Nxe5 22. h4 Nf3+ 23. Kf1 Nxh4 24. Ke1 Nf3+ 25. Kf1 Ne5 26. a4 Rc2
27. Rd1 Kf7 28. Rd5 Kf6 29. Rc5 c6 30. b4 h5 31. Kg1 Re2 32. Kf1 Rxe4 0-1

[Event "4. Continental de Ajedrez de Cali"]
[Site "Santiago de Cali COL"]
[Date "2007.07.20"]
[Round "11.4"]
[White "Kudrin, Sergey"]
[Black "Iturrizaga, Eduardo"]
[Result "0-1"]
[WhiteElo "2543"]
[BlackElo "2411"]
[PlyCount "106"]
[EventDate "2007.07.11"]
[EventType "swiss"]
[EventRounds "1"]
[EventCountry "COL"]
[Source "lmi"]
[SourceDate "2007.07.11"]

1. e4 c5 2. Nf3 Nc6 3. d4 cxd4 4. Nxd4 g6 5. c4 Nf6 6. Nc3 d6 7. Be2 Nxd4 8.
Qxd4 Bg7 9. Be3 O-O 10. Qd3 Be6 11. O-O Nd7 12. Qd2 Qa5 13. Rac1 Rfc8 14. b3
Nc5 15. f3 a6 16. Bd4 Qb6 17. Rfd1 Bxd4+ 18. Qxd4 Nd7 19. Qxb6 Nxb6 20. f4 Nd7
21. Bf3 Rab8 22. Ne2 Nc5 23. Nd4 a5 24. Kf2 Bd7 25. Ke3 Bc6 26. e5 dxe5 27.
fxe5 Bxf3 28. gxf3 f6 29. Nb5 Rc6 30. Rd5 e6 31. Rd2 fxe5 32. Rcd1 Kg7 33. Nc3
Kf6 34. a3 Rb6 35. Nb5 Nxb3 36. Rd7 Nd4 37. a4 Rc8 38. Nd6 Rxd6 39. Rxd6 Nf5+
40. Kf2 Nxd6 41. Rxd6 Rxc4 42. Rd7 Rxa4 43. Rxb7 h5 44. Ra7 Ra2+ 45. Kg3 Ra3
46. Kg2 a4 47. h4 Ra1 48. Kg3 a3 49. Kg2 a2 50. Ra8 e4 51. fxe4 Ke5 52. Ra6 Kf4
53. Ra4 e5 0-1

[Event "4. Continental de Ajedrez de Cali"]
[Site "Santiago de Cali COL"]
[Date "2007.07.20"]
[Round "11.6"]
[White "Leon Hoyos, Manuel"]
[Black "Spraggett, Kevin"]
[Result "1-0"]
[WhiteElo "2484"]
[BlackElo "2585"]
[PlyCount "43"]
[EventDate "2007.07.11"]
[EventType "swiss"]
[EventRounds "1"]
[EventCountry "COL"]
[Source "lmi"]
[SourceDate "2007.07.11"]

1. e4 c5 2. Nf3 e6 3. d4 cxd4 4. Nxd4 a6 5. Bd3 Nf6 6. O-O d6 7. c4 b6 8. Nc3
Bb7 9. f4 g6 10. f5 gxf5 11. exf5 Rg8 12. Ne4 e5 13. Ne6 fxe6 14. fxe6 Bxe4 15.
Bxe4 Ra7 16. Qf3 Bg7 17. Bg5 Rf8 18. Bxf6 Rxf6 19. Qh5+ Kf8 20. Rxf6+ Bxf6 21.
Qh6+ Kg8 22. Rf1 1-0

[Event "4. Continental de Ajedrez de Cali"]
[Site "Santiago de Cali COL"]
[Date "2007.07.20"]
[Round "11.10"]
[White "Gurevich, Dmitry"]
[Black "Ibarra Chami, Luis Fernando"]
[Result "1/2-1/2"]
[WhiteElo "2507"]
[BlackElo "2386"]
[PlyCount "83"]
[EventDate "2007.07.11"]
[EventType "swiss"]
[EventRounds "1"]
[EventCountry "COL"]
[Source "lmi"]
[SourceDate "2007.07.11"]

1. d4 e6 2. c4 d5 3. Nc3 Bb4 4. cxd5 exd5 5. Nf3 Nf6 6. Bg5 Nbd7 7. e3 c5 8.
Bd3 Qa5 9. Qc2 O-O 10. O-O c4 11. Bf5 Re8 12. Nd2 g6 13. Bh3 Kg7 14. a3 Bxc3
15. bxc3 h6 16. Bf4 Nh5 17. Bd6 Qb6 18. Bg3 Nxg3 19. hxg3 Nf6 20. Rab1 Qa6 21.
a4 Bxh3 22. gxh3 h5 23. Nf3 Re6 24. Rb5 Rb6 25. Rfb1 Rd8 26. Rxb6 axb6 27. Rb4
Rd6 28. Ne5 Qa8 29. Qb2 Ne4 30. Kg2 h4 31. g4 f6 32. Nf3 g5 33. Nd2 Qe8 34.
Nxe4 Qxe4+ 35. Kg1 f5 36. Rxb6 Rxb6 37. Qxb6 fxg4 38. Qxb7+ Kh6 39. Qc6+ Kh5
40. hxg4+ Qxg4+ 41. Kh2 Qf5 42. f3 1/2-1/2

[Event "4. Continental de Ajedrez de Cali"]
[Site "Santiago de Cali COL"]
[Date "2007.07.20"]
[Round "11.11"]
[White "Cori, Jorge"]
[Black "Matsuura, Everaldo"]
[Result "0-1"]
[WhiteElo "2267"]
[BlackElo "2505"]
[PlyCount "88"]
[EventDate "2007.07.11"]
[EventType "swiss"]
[EventRounds "1"]
[EventCountry "COL"]
[Source "lmi"]
[SourceDate "2007.07.11"]

1. e4 d5 2. exd5 Nf6 3. d4 Nxd5 4. Nf3 g6 5. Be2 Bg7 6. O-O O-O 7. h3 Nc6 8. c4
Nb6 9. Be3 e5 10. d5 Ne7 11. Nc3 Nf5 12. Bc5 Re8 13. Rc1 Nd7 14. Ba3 e4 15. Ne1
Qg5 16. b3 Qf4 17. g3 Nxg3 18. Ng2 Nxe2+ 19. Qxe2 Qh6 20. Qe3 Ne5 21. Nxe4 Qxe3
22. fxe3 Nd3 23. Rcd1 Rxe4 24. Rxd3 Bxh3 25. Rf4 Rae8 26. Rxe4 Rxe4 27. Kf2 b6
28. Nf4 Bf5 29. Rd1 g5 30. Ne2 Rh4 31. Ng3 Bg4 32. Rh1 Rxh1 33. Nxh1 Be5 34.
Ng3 h5 35. Ne4 f6 36. c5 h4 37. d6 bxc5 38. Bxc5 h3 39. Bd4 h2 40. Bxe5 h1=Q
41. Nxf6+ Kf7 42. Nxg4 Qh4+ 43. Kf3 Qh3+ 44. Bg3 cxd6 0-1

[Event "4. Continental de Ajedrez de Cali"]
[Site "Santiago de Cali COL"]
[Date "2007.07.20"]
[Round "11.12"]
[White "Rodriguez Vila, Andres"]
[Black "Alzate, Dario"]
[Result "0-1"]
[WhiteElo "2547"]
[BlackElo "2392"]
[PlyCount "96"]
[EventDate "2007.07.11"]
[EventType "swiss"]
[EventRounds "1"]
[EventCountry "COL"]
[Source "lmi"]
[SourceDate "2007.07.11"]

1. e4 c5 2. Nc3 d6 3. f4 Nc6 4. Nf3 g6 5. Bc4 Bg7 6. O-O Nf6 7. d3 O-O 8. Bb3
Bg4 9. Be3 Nd7 10. Qe1 Bxf3 11. Rxf3 Nd4 12. Rh3 e6 13. g4 b5 14. Kh1 Nxb3 15.
axb3 b4 16. Nb5 Nf6 17. g5 Ng4 18. Bd2 a6 19. Nxd6 Qxd6 20. Qh4 h5 21. gxh6
Bxb2 22. Rb1 Bd4 23. h7+ Kh8 24. Qxg4 a5 25. Rg3 a4 26. bxa4 Rxa4 27. h4 Ra2
28. h5 Qd7 29. Be3 Bxe3 30. Rxe3 Rxc2 31. Rg1 Qe7 32. Rh3 Qf6 33. e5 Qf5 34.
Qh4 b3 35. Rh2 Rxh2+ 36. Kxh2 Qxh5 37. Kg3 Qxh4+ 38. Kxh4 Kxh7 39. Rd1 Rd8 40.
Rd2 Rd4 41. Kg4 Kh6 42. Rh2+ Kg7 43. Rd2 f6 44. exf6+ Kxf6 45. Kf3 Kf5 46. Ke3
e5 47. fxe5 Kxe5 48. Rd1 b2 0-1

[Event "4. Continental de Ajedrez de Cali"]
[Site "Santiago de Cali COL"]
[Date "2007.07.20"]
[Round "11.13"]
[White "Hungaski, Robert Andrew"]
[Black "Fier, Alexander"]
[Result "0-1"]
[WhiteElo "2399"]
[BlackElo "2527"]
[PlyCount "84"]
[EventDate "2007.07.11"]
[EventType "swiss"]
[EventRounds "1"]
[EventCountry "COL"]
[Source "lmi"]
[SourceDate "2007.07.11"]

1. d4 Nf6 2. c4 e6 3. Nf3 c5 4. g3 cxd4 5. Nxd4 a6 6. Bg2 Qc7 7. O-O Qxc4 8.
Nc3 Qc7 9. e4 d6 10. Bg5 Be7 11. Rc1 Qd8 12. Qa4+ Nbd7 13. Bxf6 gxf6 14. Rfd1
O-O 15. Qc2 Qb6 16. Qe2 Ne5 17. Kh1 Bd7 18. f4 Nc6 19. Nb3 a5 20. Nd5 exd5 21.
exd5 Ne5 22. fxe5 fxe5 23. g4 Bg5 24. Nd2 Qe3 25. Bf3 Qxe2 26. Bxe2 Bxd2 27.
Rxd2 Rac8 28. Rf1 f5 29. gxf5 Bxf5 30. Kg1 Be4 31. Re1 Rf4 32. h3 Bf5 33. Kh2
Kf7 34. Rg1 Kf6 35. Bd1 Be4 36. Bg4 Rc2 37. Rxc2 Bxc2 38. Kg3 Bd3 39. Rg2 Rf1
40. Bc8 e4 41. Rd2 e3 42. Rxd3 e2 0-1

[Event "4. Continental de Ajedrez de Cali"]
[Site "Santiago de Cali COL"]
[Date "2007.07.20"]
[Round "11.14"]
[White "Zambrana, Oswaldo"]
[Black "Capo Vidal, Uriel"]
[Result "1-0"]
[WhiteElo "2511"]
[BlackElo "2370"]
[PlyCount "69"]
[EventDate "2007.07.11"]
[EventType "swiss"]
[EventRounds "1"]
[EventCountry "COL"]
[Source "lmi"]
[SourceDate "2007.07.11"]

1. e4 c5 2. Nf3 a6 3. c3 g6 4. d4 cxd4 5. cxd4 d5 6. e5 Bg4 7. Qb3 Qc7 8. Nc3
Bxf3 9. gxf3 e6 10. Be3 Nc6 11. Rc1 Rc8 12. Bd3 Nh6 13. O-O Nf5 14. Na4 f6 15.
Rfe1 Kf7 16. Nb6 Rd8 17. f4 Qb8 18. Bxf5 gxf5 19. Kh1 Rg8 20. Rg1 Rg6 21. Qd1
Rh6 22. Qf3 Bg7 23. Rg3 Ne7 24. Bd2 Ng6 25. Qc3 Re8 26. Nc8 Rd8 27. Qc7+ Qxc7
28. Rxc7+ Kg8 29. Ne7+ Kh8 30. Rxb7 fxe5 31. fxe5 f4 32. Nxg6+ Rxg6 33. Bxf4
Rf8 34. Be3 Rc8 35. Rb6 1-0

[Event "4. Continental de Ajedrez de Cali"]
[Site "Santiago de Cali COL"]
[Date "2007.07.20"]
[Round "11.15"]
[White "Mesias, Rabindranath"]
[Black "Escobar Forero, Alder"]
[Result "0-1"]
[WhiteElo "2237"]
[BlackElo "2477"]
[PlyCount "66"]
[EventDate "2007.07.11"]
[EventType "swiss"]
[EventRounds "1"]
[EventCountry "COL"]
[Source "lmi"]
[SourceDate "2007.07.11"]

1. d4 d5 2. Nc3 Nf6 3. Bg5 Nbd7 4. Qd3 c5 5. Bxf6 Nxf6 6. dxc5 e6 7. e4 Nxe4 8.
Nxe4 dxe4 9. Qxe4 Bxc5 10. Bb5+ Ke7 11. Qh4+ f6 12. Qg3 Kf7 13. Bd3 Qd6 14. Qf3
Qe5+ 15. Ne2 Bd7 16. Qxb7 Rhd8 17. Qe4 Qxb2 18. O-O f5 19. Qh4 Qf6 20. Qh5+ Kg8
21. Bc4 Rac8 22. Bb3 Kh8 23. Rad1 Bb5 24. Qf3 e5 25. c4 Bc6 26. Qh3 g5 27. Qc3
f4 28. Bc2 g4 29. Rxd8+ Rxd8 30. Rd1 Rg8 31. Kf1 Bxg2+ 32. Ke1 Bc6 33. Qd3 Qh4
0-1

[Event "4. Continental de Ajedrez de Cali"]
[Site "Santiago de Cali COL"]
[Date "2007.07.20"]
[Round "11.16"]
[White "Zuluaga, Cesar"]
[Black "Garcia, Gildardo"]
[Result "1/2-1/2"]
[WhiteElo "2339"]
[BlackElo "2435"]
[PlyCount "158"]
[EventDate "2007.07.11"]
[EventType "swiss"]
[EventRounds "1"]
[EventCountry "COL"]
[Source "lmi"]
[SourceDate "2007.07.11"]

1. d4 d5 2. Nf3 c6 3. Bf4 Qb6 4. Qc1 Nf6 5. e3 g6 6. Nbd2 Bg7 7. h3 c5 8. c3
Nc6 9. Be2 Bf5 10. O-O Rc8 11. Nb3 Ne4 12. Rd1 O-O 13. dxc5 Nxc5 14. Rxd5 Nxb3
15. axb3 a6 16. Bc4 Be6 17. Rd1 Bxc4 18. bxc4 Na5 19. Nd2 Rfd8 20. Qc2 h6 21.
b3 g5 22. Bg3 e6 23. Rab1 Qc6 24. Ne4 b6 25. Nd6 Ra8 26. e4 Nb7 27. e5 Bf8 28.
Ne4 Be7 29. Rd4 a5 30. Rbd1 a4 31. bxa4 Rxd4 32. Rxd4 Rxa4 33. Qe2 Nc5 34. Nf6+
Bxf6 35. exf6 e5 36. Bxe5 Ne6 37. Re4 Ra2 38. Qxa2 Qxe4 39. Bg3 h5 40. f3 Qf5
41. Qa8+ Kh7 42. Qe4 Qxe4 43. fxe4 Kg6 44. Be5 Nc5 45. Bd4 Nxe4 46. Bxb6 Kxf6
47. c5 Nxc3 48. c6 Nd5 49. Bd8+ Kf5 50. Kf2 h4 51. Kf3 f6 52. c7 Nb6 53. Be7
Ke5 54. Bc5 Nc8 55. Kg4 Kd5 56. Ba3 Ke5 57. Bb2+ Ke6 58. Bc3 Ne7 59. Bb4 Nc8
60. Bc3 Kf7 61. Bb2 Kg6 62. Kf3 f5 63. Ke3 Kf7 64. Kd4 Ke6 65. Bc1 f4 66. Ba3
g4 67. Bc1 f3 68. gxf3 gxf3 69. Ke3 Kd7 70. Kxf3 Kxc7 71. Kg4 Kd7 72. Kxh4 Ke6
73. Ba3 Ne7 74. Kg5 Kf7 75. h4 Nd5 76. Bb2 Kg8 77. h5 Kh7 78. Bd4 Nc7 79. Be3
Ne6+ 1/2-1/2